To incorporate an air cooled system within transmitter cabin of TPS 43 G/J transmitter cabin (Record no. 322886)
[ view plain ]
| 000 -LEADER | |
|---|---|
| fixed length control field | 00427 a2200133 4500 |
| 001 - CONTROL NUMBER | |
| control field | 87813 |
| 082 ## - DEWEY DECIMAL CLASSIFICATION NUMBER | |
| Classification number | PR 190 |
| 090 ## - LOCALLY ASSIGNED LC-TYPE CALL NUMBER (OCLC); LOCAL CALL NUMBER (RLIN) | |
| -- | 41275 |
| -- | 41275 |
| 100 ## - MAIN ENTRY--PERSONAL NAME | |
| Personal name | Muhammad Sufyan Arshed , Plt Off 15562 71 EC |
| 245 ## - TITLE STATEMENT | |
| Title | To incorporate an air cooled system within transmitter cabin of TPS 43 G/J transmitter cabin |
| 260 ## - PUBLICATION, DISTRIBUTION, ETC. | |
| Place of publication, distribution, etc. | Risalpur |
| Name of publisher, distributor, etc. | NUST Risalpur |
| Date of publication, distribution, etc. | 2011 |
| 300 ## - PHYSICAL DESCRIPTION | |
| Extent | xi, 77p. |
| Accompanying material | Ahmed Aizaz, Gp Capt |
| 500 ## - GENERAL NOTE | |
| General note | BE Project Reports |
| 942 ## - ADDED ENTRY ELEMENTS (KOHA) | |
| Institution code [OBSOLETE] | CAE NUST |
| Call number prefix | PR 190 |
| Withdrawn status | Lost status | Damaged status | Not for loan | Collection code | Permanent Location | Current Location | Date acquired | Total Checkouts | Full call number | Barcode | Date last seen | Price effective from | Koha item type |
|---|---|---|---|---|---|---|---|---|---|---|---|---|---|
| College of Aeronautical Engineering (CAE) | College of Aeronautical Engineering (CAE) | 04/03/2017 | PR 190 | CAEPR-190 | 04/05/2017 | 04/05/2017 | Book |
